000 00271nam a22001217a 4500
008 170905b xxu||||| |||| 00| 0 eng d
041 _aeng
080 _a61
100 _a04
101 _aMK
245 _aFIZIKË DHE BIOFIZIKË NË MJEKËSI
_cHALIMI.Y
942 _2udc
_cBK
999 _c26133
_d26133